000 00602nam a2200217 4500
001 sa 68017491
003 DLC
005 20260227112703.0
008 710301s1968 ii b b 00010beng
010 _asa 68017491
025 _aPL480:I-E-11106
050 0 _aDS470.N3
_bD38
100 1 0 _aDeodhar, Y. N.
245 1 _aNana Phadanavis
_c[by] Y. N. Deodhar.
260 0 _aNew Delhi,
_bNational Book Trust India
_c[1968]
300 _aiv, 88 p.
_bmap.
_c18 cm.
350 _a1.75
490 0 _aNational biography series
504 _aBibliography: p. [87]-88.
600 0 0 _aNana Phadnis,
_d1742-1800.
999 _c87749
_d87749